000 00429nam a2200145Ia 4500
008 100204s9999 xx 000 0 und d
082 _b9543
100 _aशिरवळकर सुहास
245 _aदास्तान
260 _b"मधुर पब्लिकेशन , पुणे 2"
_c1987
300 _a204
630 _aदास्तान
730 _aदास्तान
942 _cBOOK
999 _c453979
_d453976